La transmisión del código social en el espacio escolar : origen y evolución de la disciplina de la urbanidad en el currículum de la escuela primaria española (Record no. 117787)

MARC details
000 -CABECERA
campo de control de longitud fija 00674nab a2200205 a 4500
005 - FECHA Y HORA DE LA ÚLTIMA TRANSACCIÓN
campo de control 20210219155450.0
008 - ELEMENTOS DE LONGITUD FIJA--INFORMACIÓN GENERAL
campo de control de longitud fija 991125s1985 mx 000 0 spa u
035 ## - NÚMERO DE CONTROL DEL SISTEMA
Número de control de sistema UPN01000145641
100 1# - ASIENTO PRINCIPAL--NOMBRE PERSONAL
Nombre de persona Benso Calvo, Carmen, 1950-
222 ## - TÍTULO CLAVE
Título clave REVISTA DE CIENCIAS DE LA EDUCACION
245 ## - MENCIÓN DE TÍTULO
Título La transmisión del código social en el espacio escolar : origen y evolución de la disciplina de la urbanidad en el currículum de la escuela primaria española
260 ## - PUBLICACIÓN, DISTRIBUCIÓN, ETC.
Lugar de publicación, distribución, etc. Madrid, España
300 ## - DESCRIPCIÓN FÍSICA
Extensión 601-624
362 0# - FECHAS DE PUBLICACIÓN Y/O DESIGNACIÓN SECUENCIAL
Fecha de publicación y/o designación secuencial 2005 No. 204, oct.-dic.
653 0# - TERMINO DE INDIZACION - NO CONTROLADO
Término no controlado URBANIDAD ESCOLAR
653 0# - TERMINO DE INDIZACION - NO CONTROLADO
Término no controlado CURRICULUM
653 0# - TERMINO DE INDIZACION - NO CONTROLADO
Término no controlado FAMILIA
653 0# - TERMINO DE INDIZACION - NO CONTROLADO
Término no controlado IGLESIA
905 ## - TIPO DE MATERIAL
Tipo de material Articulo

No items available.